Khoa học pháp lý = Legal sciences journal

Uloženo v:
Podrobná bibliografie
Médium: Kniha
Jazyk:Undetermined
Vydáno: Thành phố Hồ Chí Minh Trường Đại học Luật thành phố Hồ Chí Minh 2018
Témata:
Tagy: Přidat tag
Žádné tagy, Buďte první, kdo otaguje tento záznam!
Thư viện lưu trữ: Trung tâm Học liệu Trường Đại học Cần Thơ
LEADER 00652nam a2200193Ia 4500
001 CTU_236422
008 210402s9999 xx 000 0 und d
020 |c 21000 
082 |a 340 
082 |b Kh401 
245 0 |a Khoa học pháp lý = 
245 0 |b Legal sciences journal 
245 0 |c Trường Đại học Luật thành phố Hồ Chí Minh 
260 |a Thành phố Hồ Chí Minh 
260 |b Trường Đại học Luật thành phố Hồ Chí Minh 
260 |c 2018 
650 |a Legal research,Nghiên cứu pháp lý 
904 |i Trang 
980 |a Trung tâm Học liệu Trường Đại học Cần Thơ